000 00558nam a2200193 i 4500
001 42713
003 ES-MaACL
005 20250822055321.0
007 t|
008 030313s1968 sp ||||1| spa d
100 1 _aCastro, Américo,
_d1885-1972
_9226525
245 1 0 _aVida de Lope de Vega, (1562-1635) /
_cAmérico Castro, Hugo A. Rennert.
250 _a[2ª ed.].
260 _aSalamanca :
_bAnaya,
_c[1968]
300 _a584 p. ;
_c24 cm.
700 1 _aRennert, Hugo Albert.
_996225
852 _aES-MaACL
_jG-4523
_bR.65933
999 _c42713
_d42713